La Estética fenomenológica en Jean Paul Sartre

Gorde:
Xehetasun bibliografikoak
Egile nagusia: Alvarado, Víctor
Formatua: Liburua
Hizkuntza:Undetermined
Argitaratua: San José, Costa Rica Aire en el Agua Editores 2007
Gaiak:
Etiketak: Etiketa erantsi
Etiketarik gabe, Izan zaitez lehena erregistro honi etiketa jartzen!

MARC

LEADER 00000nam a2200000Ia 4500
008 170316s9999 xx 000 0 und d
090 |a 100 A-14.1e 
100 |a Alvarado, Víctor 
245 |a La Estética fenomenológica en Jean Paul Sartre 
260 |a San José, Costa Rica 
260 |b Aire en el Agua Editores 
260 |c 2007 
300 |a 189 páginas 
650 |a FILOSOFÍA 
650 |a ESTÉTICA 
650 |a FENOMENOLOGÍA 
650 |a FILOSOFÍA FRANCESA 
650 |a LA CONCIENCIA 
650 |a EL ARTE 
650 |a ESTÉTICA DEL ARTE 
999 |c 15469  |d 15469 
040 |a cru BVZT 
942 |c 15 D  |h 100 A-14.1e  |2 z